000 02609nam a2200337Ia 4500
999 _c39701
_d39701
001 6304
003 GE_BSU
005 20240213104337.0
008 181216s2012||||ge |||||||||||||| ||geo||
040 _cGE_BSU
041 _ageo
080 _a008(479.22)(063)+008(560)(063) ს-32
245 _aსაქართველო და თურქეთი : კულტურულ ურთიერთობათა ისტორია, დღევანდელობა და პერსპექტივები :
_bაჰმედ ოზქან მელაშვილის დაბადებიდან 90 წლისთავისადმი მიძღვნილი საერთაშ. სამეცნ. კონფერენციის მასალები, თბილისი, 21-24 ივნისი, 2012 /
_cარქიმანდრიტ ადამ ახალაძის საერთო რედ. და წინასიტყვაობით ; თურქ. ენ. მთარგმნ. ზაზა წურწუმია.
264 _aთბილისი,
_c2012.
300 _a218 გვ.;
_b29 სმ.
500 _aმასალები ქართ., ინგლ. და თურქ.
653 _aსაქართველო-თურქეთის კულტურული ურთიერთობები
653 _aკონფერენციის მასალები
700 _aადამი (ახალაძე, ვახტანგ)
_eავტორი
_95614
700 _aიაკუთი, მუსტაფა
_eავტორი
_95615
700 _aშენოლი, ერდოღან
_eავტორი
_95616
700 _aგუჯეჯიანი, როზეტა
_eავტორი
_95617
700 _aწურწუმია, ზაზა
_95618
700 _a ოსეფაშვილი, ლალი
_95619
700 _aადამი (ახალაძე, ვახტანგ; არქიმანდრიტი)
_eრედაქტორი
_95620
700 _aწურწუმია, ზაზა
_eმთარგმნელი
_95618
700 _aგოგოხია, ნია
_eმთარგმნელი
_95621
710 _aსაქ. საპარტიარქოს წმ. თამარ მეფის სახ. სასწავლო უნ-ტი
_95622
710 _aშოთა რუსთაველის ეროვნ. სამეცნ. ფონდი
_95623
942 _cBK
_2udc